Standard form of building contract for use with approximate quantities; private edition. First issued October 1975 (adapting the 1963 edition, July 1975 revision, of the Standard Form with quantities (Record no. 97624)

MARC details
000 -LEADER
fixed length control field 00625cam a2200193 4500
001 - CONTROL NUMBER
control field D6215
008 - FIXED-LENGTH DATA ELEMENTS--GENERAL INFORMATION
fixed length control field 090401t1975 xxu||||| |||| 00| 0 eng d
035 ## - SYSTEM CONTROL NUMBER
System control number (Sirsi) u91227
041 ## - LANGUAGE CODE
Language code of text/sound track or separate title eng
050 ## - LIBRARY OF CONGRESS CALL NUMBER
Classification number 692.8
110 ## - MAIN ENTRY--CORPORATE NAME
Corporate name or jurisdiction name as entry element Joint Contracts Tribunal
9 (RLIN) 3664
245 ## - TITLE STATEMENT
Title Standard form of building contract for use with approximate quantities; private edition. First issued October 1975 (adapting the 1963 edition, July 1975 revision, of the Standard Form with quantities
260 ## - PUBLICATION, DISTRIBUTION, ETC.
Place of publication, distribution, etc. London
Name of publisher, distributor, etc. RIBA
Date of publication, distribution, etc. 1975
300 ## - PHYSICAL DESCRIPTION
Extent 34p. 30cm
350 ## - PRICE (NR) (BK AM CF MU VM SE) [OBSOLETE]
Price 2.2
520 ## - SUMMARY, ETC.
Summary, etc. Filed at JCT 1975/1A
942 ## - ADDED ENTRY ELEMENTS (KOHA)
Suppress in OPAC 0
948 ## - LOCAL PROCESSING INFORMATION (OCLC); SERIES PART DESIGNATOR (RLIN)
c (OCLC) 04/03/1997
Holdings
Withdrawn status Lost status Source of classification or shelving scheme Damaged status Not for loan Home library Current library Shelving location Date acquired Cost, normal purchase price Total Checkouts Full call number Barcode Date last seen Copy number Cost, replacement price Price effective from Koha item type
    Other/Generic Classification Scheme     London London Gallery 14/09/1999 2.20   JCT 1975/1 30016205 06/08/2019 1 2.20 06/08/2019 Reference material